rare things - Statistics

General Stats
  • This quiz has been taken 11 times
  • The average score is 3 of 8
Answer Stats
Hint Answer % Correct
rarest eye color Red
80%
rarest favorite color among americans Brown
70%
rarest animal globally, and part of myaccounts name Vaquita
70%
rarest Minecraft biome Modified Jungle Edge
20%
rarest stone in the world Painite
20%
considered to be the rarest elementon the periodic table Astatine
10%
rarest Pokemon card Illustrator Pikachu
10%
rarest blood type Rhnull
10%
No matching quizzes found
Score Distribution
Percent of People with Each Score
Percentile by Number Answered
Your Score History
You have not taken this quiz